Normal view
MARC view
Entry Nome pessoal
001 - NÚMERO DE CONTROLE
- campo de controle: 720
003 - IDENTIFICADOR DO NÚMERO DE CONTROLE
- campo de controle: Br
005 - DATA E HORÁRIO DA ÚLTIMA TRANSAÇÃO
- campo de controle: 20250331100847.0
008 - CAMPO DE DADOS FIXOS
- campo de controle de tamanho fixo: 100010|| acnnnaab| aaaa d
035 ## - NÚMERO DE CONTROLE DO SISTEMA
- Número de Controle do Sistema: 100010616195312E15
040 ## - FONTE DA CATALOGAÇÃO
- Instituição da catalogação original: Br
- Instituição que transcreveu o registro: Br
- Convenções de cabeçalho de assunto/tesauros: Br
100 1# - CABEÇALHO--NOME PESSOAL
- Nome pessoal: Malraux, André,
- Datas associadas ao nome: 1901-1976.
400 1# - REMISSIVA VER--NOME PESSOAL
- Nome pessoal: Malraux, André Georges
- Datas associadas ao nome: 1901-1976
670 ## - FONTE POSITIVA DOS DADOS
- Citação da fonte positiva dos dados: Autor de: Le miroir de limbes. 1976.
670 ## - FONTE POSITIVA DOS DADOS
- Citação da fonte positiva dos dados: LC 1977, abr./jun.
- Dados encontrados na fonte localizada no subcampo: (d.n.)
670 ## - FONTE POSITIVA DOS DADOS
- Citação da fonte positiva dos dados: LC microf. 1977/set.81
- Dados encontrados na fonte localizada no subcampo: (n.c.; datas; AACR2)
670 ## - FONTE POSITIVA DOS DADOS
- Citação da fonte positiva dos dados: LC on-line, 14/12/96
- Dados encontrados na fonte localizada no subcampo: (D.)
670 ## - FONTE POSITIVA DOS DADOS
- Citação da fonte positiva dos dados: CA/FGV